Вопросы передачи и преобразования электромагнитных волн и сигналов: [тематический сборник]

Bibliographische Detailangaben
Körperschaft: Московский энергетический институт
Weitere Verfasser: Жуков В. П. (редактор), Беляев Б. Г.
Sprache:Russisch
Veröffentlicht: Москва, Изд-во МЭИ, 1977
Schriftenreihe:Труды Московского энергетического института (МЭИ) Вып. 341
Schlagworte:
Format: MixedMaterials Buch
KOHA link:https://koha.lib.tpu.ru/cgi-bin/koha/opac-detail.pl?biblionumber=362773

MARC

LEADER 00000nam0a2200000 4500
001 362773
005 20250211063218.0
035 |a (RuTPU)RU\TPU\retro\20119 
035 |a RU\TPU\retro\20117 
090 |a 362773 
100 |a 20210825d1977 k y0rusy5003 ca 
101 0 |a rus 
102 |a RU 
105 |a y z 001zy 
200 1 |a Вопросы передачи и преобразования электромагнитных волн и сигналов  |e [тематический сборник]  |f Московский энергетический институт ; под ред. В. П. Жукова ; под ред. Б. Г. Беляева 
210 |a Москва  |c Изд-во МЭИ  |d 1977 
215 |a 92 с.  |c табл., ил. 
225 1 |a Труды Московского энергетического института (МЭИ)  |v Вып. 341 
320 |a Библиогр. в конце ст. 
500 1 0 |a Труды Московского энергетического института  |9 88841 
606 1 |a Электромагнитные волны, ударные  |2 stltpush  |3 (RuTPU)RU\TPU\subj\20184  |9 45304 
606 1 |a Антенно-фидерные устройства  |x Совместимость электромагнитная  |2 stltpush  |3 (RuTPU)RU\TPU\subj\29133  |9 52530 
610 1 |a СВЧ-разряды 
610 1 |a квазистатические процессы 
610 1 |a щелочные металлы 
610 1 |a ионизация 
610 1 |a ответвители 
610 1 |a волноводы 
610 1 |a вибраторные антенны 
610 1 |a реактивные нагрузки 
610 1 |a фазирование 
610 1 |a антенные решетки 
610 1 |a сверхнаправленные решетки 
610 1 |a фазовые переходы 
610 1 |a помехоустойчивость 
610 1 |a полосовые ограничители 
610 1 |a металл-диэлектрик-металл 
610 1 |a термостабильность 
610 1 |a погрешностный анализ 
610 1 |a динамическое сопротивление 
610 1 |a численное моделирование 
610 1 |a неоднородные среды 
610 1 |a замедляющие системы 
610 1 |a турбулентная плазма 
610 1 |a марковские процессы 
675 |a 621.371  |v 3 
675 |a 621.396.679  |v 3 
702 1 |a Жуков  |b В. П.  |4 340 
702 1 |a Беляев  |b Б. Г.  |4 340 
712 0 2 |a Московский энергетический институт  |c (1930-1992)  |3 (RuTPU)RU\TPU\col\20092  |9 27693 
801 0 |a RU  |b 63413507  |c 19950704  |g psbo 
801 1 |a RU  |b 63413507  |c 20060118  |g PSBO 
801 2 |a RU  |b 63413507  |c 20220211  |g PSBO 
942 |c BK